العلم والعلماء (Record no. 554073)

000 -LEADER
fixed length control field 00318nam a22001217a 4500
082 ## - DEWEY DECIMAL CLASSIFICATION NUMBER
Classification number 297.1227
Author Mark ABD
100 ## - MAIN ENTRY--PERSONAL NAME
Personal name Abadi, Abdur Razzaq
9 (RLIN) 51371
245 ## - TITLE STATEMENT
Title العلم والعلماء
260 ## - PUBLICATION, DISTRIBUTION, ETC.
Place of publication, distribution, etc. Lahore,
Name of publisher, distributor, etc. Idara Islamiyat,
Date of publication, distribution, etc. 1977.
300 ## - PHYSICAL DESCRIPTION
Extent 304p.
526 ## - STUDY PROGRAM INFORMATION NOTE
Program name 0
Interest level 0
Reading level 0
Title point value 297_122700000000000_ABD
942 ## - ADDED ENTRY ELEMENTS (KOHA)
Source of classification or shelving scheme
Koha item type Book
Holdings
Withdrawn status Lost status Source of classification or shelving scheme Damaged status Not for loan Permanent Location Current Location Date acquired Total Checkouts Full call number Barcode Date last seen Price effective from Koha item type
          Military College of Engineering (MCE) Military College of Engineering (MCE) 04/19/2018   297.1227 ABD MCE-260M 04/19/2018 03/14/2021 Book
© 2023 Central Library, National University of Sciences and Technology. All Rights Reserved.